[Event "46th Guernsey Open"]
[Site "?"]
[Date "2022.10.17"]
[Round "2"]
[White "Sedgwick, David R"]
[Black "Collins, Alan"]
[Result "1/2-1/2"]
[WhiteElo "1874"]
[BlackElo "1606"]
[PlyCount "34"]
[EventDate "2022.??.??"]

1. e4 d6 2. d4 Nf6 3. Nc3 c6 4. f4 Qa5 5. Bd2 e5 6. fxe5 dxe5 7. dxe5 Ng4 8.
Nd5 Qd8 9. Bg5 Qa5+ 10. Nc3 Bb4 11. Qd2 O-O 12. Nf3 Nxe5 13. Be2 Be6 14. O-O
Nc4 15. Bxc4 Bxc4 16. Rfd1 f6 17. Be3 Na6 1/2-1/2

[Event "46th Guernsey Open"]
[Site "?"]
[Date "2022.10.17"]
[Round "2"]
[White "Deepak, Ambattu Rithvik"]
[Black "Gravett, Alan D"]
[Result "1-0"]
[WhiteElo "1523"]
[BlackElo "1829"]
[PlyCount "35"]
[EventDate "2022.??.??"]

1. e4 g6 2. d4 Bg7 3. Nc3 d6 4. Be3 Nf6 5. Qd2 c6 6. f3 Nbd7 7. O-O-O O-O 8. g4
b5 9. Bh6 a5 10. h4 a4 11. Bxg7 Kxg7 12. h5 b4 13. Nb1 Qa5 14. hxg6 fxg6 15.
Nh3 Nb6 16. Ng5 h6 17. Nh7 b3 18. Qxh6+ 1-0

[Event "46th Guernsey Open"]
[Site "?"]
[Date "2022.10.17"]
[Round "2"]
[White "Pang, Ethan"]
[Black "Plug, Arjan"]
[Result "1/2-1/2"]
[WhiteElo "1467"]
[BlackElo "1795"]
[PlyCount "91"]
[EventDate "2022.??.??"]

1. e4 e6 2. d4 d5 3. Nd2 Be7 4. Ngf3 c5 5. exd5 exd5 6. dxc5 Nc6 7. Nb3 Nf6 8.
Bb5 O-O 9. O-O Ne4 10. Bxc6 bxc6 11. Nfd4 Qc7 12. Re1 Nxc5 13. Nxc6 Qxc6 14.
Rxe7 Ne6 15. Be3 a6 16. Nd4 Nxd4 17. Qxd4 Be6 18. Qc5 Qxc5 19. Bxc5 Rfc8 20. b4
a5 21. c3 h6 22. a4 d4 23. Bxd4 axb4 24. cxb4 Rxa4 25. Re8+ Kh7 26. Rxc8 Rxa1+
27. Bxa1 Bxc8 28. Kf1 g5 29. Ke2 Kg6 30. Ke3 Kf5 31. h3 h5 32. Bd4 g4 33. h4
Ba6 34. g3 Ke6 35. Bc3 Kd5 36. Kf4 Bd3 37. f3 gxf3 38. Kxf3 Bf5 39. Kf4 Bg4 40.
Kg5 Kc4 41. Kh6 Kxc3 42. b5 Kd4 43. b6 Bf3 44. b7 Bxb7 45. Kxh5 Ke5 46. Kg5
1/2-1/2

[Event "46th Guernsey Open"]
[Site "?"]
[Date "2022.10.17"]
[Round "2"]
[White "Waddington, Mike P"]
[Black "Hafthorsson, Jon Ulfur"]
[Result "1-0"]
[WhiteElo "2027"]
[BlackElo "1327"]
[PlyCount "69"]
[EventDate "2022.??.??"]

1. e4 e5 2. Nf3 Nc6 3. d4 exd4 4. Nxd4 Bc5 5. Nb3 Bb6 6. Nc3 Nf6 7. Qe2 O-O 8.
Bg5 Nd4 9. Qd2 Nxb3 10. cxb3 d6 11. O-O-O Be6 12. f3 h6 13. Bf4 a6 14. g4 Nd7
15. h4 Ne5 16. Be2 f6 17. Qe1 Qe7 18. Qg3 Nf7 19. Kb1 g5 20. Bc1 Kg7 21. f4 Ba5
22. Bd3 Bb6 23. hxg5 hxg5 24. e5 Rh8 25. exf6+ Qxf6 26. Ne4 gxf4 27. Bxf4 Qe7
28. Rhf1 Qh4 29. Qg2 Qh3 30. Qc2 Rag8 31. Qc3+ Kf8 32. Ng5 Qxg4 33. Nxe6+ Qxe6
34. Rde1 Qd7 35. Qf6 1-0

[Event "46th Guernsey Open"]
[Site "?"]
[Date "2022.10.17"]
[Round "2"]
[White "Poldermans, Daan"]
[Black "Page, Mark E"]
[Result "0-1"]
[WhiteElo "1626"]
[BlackElo "2095"]
[PlyCount "44"]
[EventDate "2022.??.??"]

1. e4 c5 2. c3 d6 3. g3 Nf6 4. Bg2 g6 5. d3 Bg7 6. Nf3 O-O 7. O-O Nc6 8. Re1 e5
9. Nbd2 h6 10. h3 d5 11. Qc2 Be6 12. Kh2 Rc8 13. Nf1 d4 14. c4 Ne8 15. Ng1 f5
16. f4 Nd6 17. a3 fxe4 18. Bxe4 Nxe4 19. Rxe4 Bf5 20. Re1 exf4 21. Bxf4 g5 22.
Bc1 Ne5 0-1

[Event "46th Guernsey Open"]
[Site "?"]
[Date "2022.10.17"]
[Round "2"]
[White "Finch, Russell J"]
[Black "Havenaar, Jan"]
[Result "1-0"]
[WhiteElo "1613"]
[BlackElo "2008"]
[PlyCount "60"]
[EventDate "2022.??.??"]

1. Nf3 d6 2. g3 g6 3. Bg2 Bg7 4. d3 c5 5. O-O Nc6 6. e4 e6 7. c3 Nge7 8. Qe2
Rb8 9. a4 Na5 10. Be3 b6 11. d4 Bd7 12. Nbd2 O-O 13. Nh4 b5 14. dxc5 dxc5 15.
Bxc5 bxa4 16. Rfb1 Bb5 17. Qe3 a6 18. b3 Nxb3 19. Nxb3 axb3 20. Rxb3 Qc7 21.
Rd1 Rfd8 22. Rbb1 Rxd1+ 23. Rxd1 Rd8 24. Rxd8+ Qxd8 25. Bf3 Nc6 26. Be2 Bxe2
27. Qxe2 Qa5 28. Bb4 Qa1+ 29. Kg2 a5 30. Qa6 Bxc3 1-0

[Event "46th Guernsey Open"]
[Site "?"]
[Date "2022.10.17"]
[Round "2"]
[White "Forbes, Garry"]
[Black "Reink, Geerhard"]
[Result "1-0"]
[WhiteElo "1859"]
[BlackElo "1647"]
[PlyCount "47"]
[EventDate "2022.??.??"]

1. d4 Nf6 2. Nc3 g6 3. e4 d6 4. Be3 Bg7 5. Qd2 Nc6 6. Nf3 a6 7. a4 Bd7 8. h3 h5
9. Bc4 Na7 10. Ng5 e6 11. O-O b5 12. axb5 Nxb5 13. f4 Nxc3 14. bxc3 Bb5 15.
Bxb5+ axb5 16. Rxa8 Qxa8 17. Qd3 Qa4 18. f5 e5 19. fxg6 fxg6 20. Ne6 Kf7 21.
Ng5+ Ke7 22. dxe5 Ne8 23. Rf7+ Kd8 24. Ne6+ 1-0

[Event "46th Guernsey Open"]
[Site "?"]
[Date "2022.10.17"]
[Round "2"]
[White "Henry, Eric"]
[Black "Hoogakker, Peter"]
[Result "0-1"]
[WhiteElo "1558"]
[BlackElo "1846"]
[PlyCount "50"]
[EventDate "2022.??.??"]

1. d4 d6 2. c3 Nf6 3. e3 Nbd7 4. f4 e5 5. Bd3 e4 6. Bc2 Nb6 7. b3 d5 8. Ba3
Bxa3 9. Nxa3 Qe7 10. Qc1 Ng4 11. Kd2 Nf2 12. c4 dxc4 13. Nxc4 Bg4 14. a3 Nxh1
15. Ne5 f5 16. Ne2 Nf2 17. Qg1 Bxe2 18. Kxe2 Ng4 19. h3 Nxe5 20. fxe5 O-O-O 21.
a4 Nd5 22. g4 g6 23. g5 h6 24. h4 hxg5 25. hxg5 Rh3 0-1

[Event "46th Guernsey Open"]
[Site "?"]
[Date "2022.10.17"]
[Round "2"]
[White "Van Hoek, Wim"]
[Black "Goman, Colin"]
[Result "1/2-1/2"]
[WhiteElo "1843"]
[BlackElo "1619"]
[PlyCount "175"]
[EventDate "2022.??.??"]

1. e4 d6 2. d4 Nf6 3. Bd3 b6 4. c3 e6 5. Nf3 Bb7 6. Qe2 Nc6 7. d5 Ne7 8. Bg5
exd5 9. Bxf6 gxf6 10. exd5 Bxd5 11. Nbd2 Qd7 12. c4 Bb7 13. O-O O-O-O 14. Rfe1
Ng6 15. Nd4 Bxg2 16. Bf5 Nf4 17. Bxd7+ Rxd7 18. Qg4 Bh3 19. Re8+ Kb7 20. Qxf4
Rg8+ 21. Qg3 Rxg3+ 22. hxg3 Bg7 23. Kh2 f5 24. N2b3 Bg4 25. Rae1 Bf6 26. f3 Bh5
27. Nxf5 Bxf3 28. Nbd4 Bg4 29. b3 c5 30. Ne3 Bh5 31. Ndf5 Bc3 32. Rc1 f6 33.
Re7 Rxe7 34. Nxe7 Bd2 35. Rf1 Bxe3 36. Rxf6 Bg5 37. Rf5 h6 38. Nd5 Bg6 39. Rf1
Kc6 40. Re1 Kd7 41. Rf1 Ke8 42. Nf4 Bf7 43. Nd5 Bg6 44. Nc3 Kd7 45. Nb5 a6 46.
Nc3 Kc6 47. Rf8 b5 48. Nd5 bxc4 49. bxc4 Bd3 50. Rc8+ Kd7 51. Nb6+ Ke6 52. Ra8
Ke5 53. Rxa6 Kd4 54. a4 d5 55. a5 dxc4 56. Na4 c3 57. Rd6+ Kc4 58. Nb6+ Kb5 59.
Rxd3 c2 60. Rc3 c1=Q 61. Rxc1 Bxc1 62. Nc4 Bg5 63. Nd6+ Kxa5 64. Ne4 Be3 65.
Nxc5 Bxc5 66. g4 Kb6 67. Kh3 Be7 68. Kg3 Bg5 69. Kf3 Kc5 70. Ke4 Kc4 71. Kf3
Kd3 72. Kg3 Ke3 73. Kg2 Kf4 74. Kf2 Kxg4 75. Kg2 h5 76. Kh2 Bf4+ 77. Kg2 h4 78.
Kh1 Kg3 79. Kg1 Kf3 80. Kh1 Bg3 81. Kg1 Ke2 82. Kg2 Be1 83. Kg1 Kf3 84. Kh2
Bg3+ 85. Kg1 Bf2+ 86. Kh2 Kg4 87. Kg2 h3+ 88. Kxf2 1/2-1/2

[Event "46th Guernsey Open"]
[Site "?"]
[Date "2022.10.17"]
[Round "2"]
[White "Boudkeev, Timour"]
[Black "Kershaw, Graham J"]
[Result "1/2-1/2"]
[WhiteElo "1839"]
[BlackElo "1609"]
[PlyCount "55"]
[EventDate "2022.??.??"]

1. d4 e6 2. c4 d5 3. Nc3 Nf6 4. Nf3 Nbd7 5. e3 c5 6. cxd5 exd5 7. Bb5 c4 8. O-O
a6 9. Ba4 Bd6 10. Bc2 O-O 11. e4 dxe4 12. Nxe4 Nxe4 13. Bxe4 Nf6 14. Re1 Nxe4
15. Rxe4 Bf5 16. Re1 Qc7 17. h3 b6 18. Be3 Rfe8 19. Nh4 Be4 20. Qg4 Re6 21. Bh6
Rxh6 22. Rxe4 Rf6 23. Nf5 Rg6 24. Qe2 h6 25. Qf3 Rd8 26. Rae1 Rf6 27. Qg4 Rg6
28. Qf3 1/2-1/2

[Event "46th Guernsey Open"]
[Site "?"]
[Date "2022.10.17"]
[Round "2"]
[White "Harnden, Terry"]
[Black "Parker, Keith"]
[Result "0-1"]
[WhiteElo "1488"]
[BlackElo "1834"]
[PlyCount "96"]
[EventDate "2022.??.??"]

1. e4 Nf6 2. Nc3 d5 3. exd5 Nxd5 4. Nxd5 Qxd5 5. Nf3 Bg4 6. Be2 Nc6 7. c3 e5 8.
O-O Be7 9. d3 Rd8 10. Ne1 Bf5 11. Be3 O-O 12. Qb3 Qxb3 13. axb3 a6 14. b4 Rd7
15. f4 exf4 16. Rxf4 Bg6 17. Rf1 Re8 18. Rf2 Bh4 19. g3 Bxg3 20. hxg3 Rxe3 21.
Rg2 Rde7 22. Kf1 h6 23. Rd1 Re8 24. Nc2 R3e6 25. Ne1 Kf8 26. Rf2 Ke7 27. d4 Rf6
28. Rxf6 Kxf6 29. Rd2 Be4 30. Bc4 Kg6 31. Rf2 f5 32. g4 Rf8 33. Be6 Rf6 34.
gxf5+ Bxf5 35. Bxf5+ Rxf5 36. Nd3 Rxf2+ 37. Kxf2 Kf5 38. Kg3 g5 39. Nc5 Nd8 40.
Nd7 h5 41. Ne5 Nc6 42. Nc4 h4+ 43. Kh3 Kf4 44. d5 Ne5 45. d6 cxd6 46. Nxd6 Nf3
47. Nxb7 g4+ 48. Kg2 h3+ 0-1

[Event "46th Guernsey Open"]
[Site "?"]
[Date "2022.10.17"]
[Round "2"]
[White "Ingham, H William"]
[Black "Beadle, John R"]
[Result "1-0"]
[WhiteElo "1831"]
[BlackElo "1556"]
[PlyCount "97"]
[EventDate "2022.??.??"]

1. d4 f5 2. e4 fxe4 3. Nc3 Nf6 4. Bg5 d5 5. Bxf6 exf6 6. Qh5+ g6 7. Qxd5 c6 8.
Qxe4+ Qe7 9. O-O-O Bh6+ 10. Kb1 Qxe4 11. Nxe4 O-O 12. Bc4+ Kh8 13. Nd6 Nd7 14.
Nf7+ Kg7 15. Nxh6 Kxh6 16. Nf3 Nb6 17. Bb3 Bg4 18. Rhe1 Rae8 19. Re3 Nd5 20.
Bxd5 cxd5 21. Rde1 Rxe3 22. Rxe3 Bxf3 23. Rxf3 Re8 24. Re3 Rxe3 25. fxe3 Kg5
26. Kc1 Kf5 27. Kd2 Ke4 28. Ke2 f5 29. g3 g5 30. c3 h5 31. Kd2 Kf3 32. c4 Ke4
33. cxd5 Kxd5 34. Kd3 h4 35. gxh4 gxh4 36. Ke2 Ke4 37. h3 b6 38. Kd2 a6 39. Kc3
Kxe3 40. d5 f4 41. d6 f3 42. d7 f2 43. d8=Q f1=Q 44. Qxb6+ Ke4 45. Qd4+ Kf3 46.
Qxh4 Qc1+ 47. Kb3 Qd1+ 48. Ka3 Qd6+ 49. Qb4 1-0

[Event "46th Guernsey Open"]
[Site "?"]
[Date "2022.10.17"]
[Round "2"]
[White "Brookfield, Toby"]
[Black "Roberts, Tallulah"]
[Result "1-0"]
[WhiteElo "1816"]
[BlackElo "1521"]
[PlyCount "73"]
[EventDate "2022.??.??"]

1. f4 c5 2. Nf3 Nf6 3. e3 Nc6 4. Be2 g6 5. O-O Bg7 6. d3 O-O 7. e4 d6 8. Nc3 a6
9. Qe1 b5 10. Bd1 Bb7 11. Qh4 e6 12. f5 b4 13. Ne2 exf5 14. Bh6 Nxe4 15. Qxd8
Raxd8 16. Bxg7 Kxg7 17. dxe4 fxe4 18. Ng5 Rde8 19. c3 h6 20. Nh3 a5 21. Ba4 Re5
22. Rad1 d5 23. Nhf4 Ne7 24. cxb4 axb4 25. Rc1 d4 26. Ng3 Ba6 27. Rfe1 e3 28.
Rcd1 Nd5 29. Nxd5 Rxd5 30. Rxe3 Rfd8 31. Re7 Rf8 32. Ra7 Bc8 33. Bb5 Re5 34.
Rc7 Bg4 35. Rf1 Bf5 36. Nxf5+ gxf5 37. Rc1 1-0

[Event "46th Guernsey Open"]
[Site "?"]
[Date "2022.10.17"]
[Round "2"]
[White "Bennett, David"]
[Black "Downey, Keith"]
[Result "0-1"]
[WhiteElo "1408"]
[BlackElo "1808"]
[PlyCount "80"]
[EventDate "2022.??.??"]

1. Nf3 Nf6 2. d4 e6 3. Bf4 c5 4. Nbd2 cxd4 5. e3 dxe3 6. Bxe3 Nc6 7. Be2 d5 8.
c3 Be7 9. O-O O-O 10. Qc2 Qc7 11. Bg5 e5 12. Bxf6 Bxf6 13. Rad1 e4 14. Ne1 Be6
15. Nb3 b6 16. Qd2 Be5 17. g3 Rad8 18. Ng2 d4 19. c4 d3 20. Bh5 Bxc4 21. Rc1
Bd5 22. Ne3 Be6 23. Bg4 Qd6 24. Bf5 Bxb3 25. axb3 Nd4 26. Qd1 Ne2+ 27. Kg2 Nxc1
28. Qxc1 Qd4 29. Qd2 g6 30. Bg4 f5 31. Bd1 Qxb2 32. Qb4 Qd4 33. Qe7 Qd6 34. Qh4
Bf6 35. Qh3 Kg7 36. Kg1 Rc8 37. Nc4 Qd4 38. Qg2 b5 39. Nd2 Qc3 40. Nb1 Qb2 0-1

[Event "46th Guernsey Open"]
[Site "?"]
[Date "2022.10.17"]
[Round "2"]
[White "Vernon, Guy"]
[Black "Royle, Nick"]
[Result "1-0"]
[WhiteElo "1766"]
[BlackElo "1482"]
[PlyCount "42"]
[EventDate "2022.??.??"]

1. e4 e5 2. Nf3 Nf6 3. Nc3 Nc6 4. d4 exd4 5. Nxd4 Bc5 6. Be3 Nxd4 7. Bxd4 Bxd4
8. Qxd4 d6 9. O-O-O Be6 10. e5 dxe5 11. Qxe5 Qe7 12. f3 O-O 13. Bc4 Rad8 14.
Rxd8 Rxd8 15. Nb5 Qd7 16. Bd3 Bc4 17. Rd1 Bxb5 18. Bxh7+ Nxh7 19. Rxd7 Rxd7 20.
Qxb5 c6 21. Qe5 a6 1-0

[Event "46th Guernsey Open"]
[Site "?"]
[Date "2022.10.17"]
[Round "2"]
[White "Stanners, Michael J"]
[Black "Nalichowski, Bogdan"]
[Result "1-0"]
[WhiteElo "1751"]
[BlackElo "1361"]
[PlyCount "119"]
[EventDate "2022.??.??"]

1. d4 d5 2. Nc3 Nf6 3. Bf4 e6 4. Nb5 Na6 5. e3 c6 6. Nc3 Bb4 7. Nge2 h6 8. a3
Bd6 9. Qd2 b5 10. b4 O-O 11. Ng1 Re8 12. Nf3 Bb7 13. Bd3 Nh5 14. Bxd6 Qxd6 15.
Ne5 f5 16. f4 Nf6 17. Qe2 Nb8 18. g4 fxg4 19. Nxg4 Nbd7 20. Ne5 Nf8 21. Rg1 Qe7
22. Qg2 a5 23. Rb1 axb4 24. axb4 Ra3 25. Kd2 Ba6 26. Qh3 h5 27. Ng6 Qf7 28.
Nxf8 Rxc3 29. Kxc3 Qxf8 30. Bg6 Bc8 31. Bxe8 Qxe8 32. Qg2 Qe7 33. Ra1 e5 34.
fxe5 c5 35. bxc5 Ng4 36. Ra8 b4+ 37. Kb3 Qb7 38. Rxc8+ Qxc8 39. Qxd5+ Kh8 40.
Ra1 Qf5 41. Ra8+ Kh7 42. Qg8+ Kg6 43. Ra6+ Kg5 44. Qd8+ Nf6 45. Rxf6 gxf6 46.
Qxf6+ Qxf6 47. exf6 Kxf6 48. c6 Ke6 49. d5+ Kd6 50. e4 h4 51. e5+ Kxe5 52. c7
Kxd5 53. c8=Q Ke4 54. Qf8 Ke3 55. Kxb4 Kd2 56. Qf3 Kc1 57. c4 Kc2 58. Qc3+ Kb1
59. Qd2 h3 60. Kb3 1-0

[Event "46th Guernsey Open"]
[Site "?"]
[Date "2022.10.17"]
[Round "2"]
[White "Ashbrooke, Monika"]
[Black "Rutten, David"]
[Result "0-1"]
[WhiteElo "1321"]
[BlackElo "1750"]
[PlyCount "112"]
[EventDate "2022.??.??"]

1. d4 d5 2. Bf4 Nf6 3. Nf3 c5 4. e3 Nc6 5. Nbd2 cxd4 6. exd4 Bf5 7. c3 e6 8.
Ne5 Be7 9. h3 O-O 10. Be2 Rc8 11. O-O Ne4 12. Nxe4 Bxe4 13. Bd3 Bxd3 14. Qxd3
Nxe5 15. Bxe5 Bf6 16. Rfe1 Bxe5 17. Rxe5 Qf6 18. Rae1 Rc7 19. R1e3 Rfc8 20. Rh5
Qg6 21. Qd1 b5 22. Rg3 Qf6 23. Qd3 g6 24. Qxb5 Qf4 25. Qe2 Rb8 26. Kh2 Rb6 27.
Qc2 Qxd4 28. Rhg5 Qf4 29. Qe2 Rc4 30. R5g4 Qc7 31. Rxc4 Qxc4 32. Qxc4 dxc4 33.
Rg4 Rxb2 34. Rxc4 Rxa2 35. Kg3 a5 36. Rc8+ Kg7 37. c4 Rc2 38. c5 a4 39. c6 a3
40. c7 a2 41. Ra8 Rxc7 42. Rxa2 f5 43. f4 Kf6 44. Ra4 h6 45. Kf3 Rc3+ 46. Kf2
g5 47. g3 gxf4 48. Rxf4 e5 49. Rb4 e4 50. Rb6+ Kg5 51. h4+ Kh5 52. Rb5 Kg4 53.
Rb6 Rf3+ 54. Ke2 Rxg3 55. Rg6+ Kxh4 56. Rxh6+ Kg5 0-1

[Event "46th Guernsey Open"]
[Site "?"]
[Date "2022.10.18"]
[Round "3"]
[White "Wager, John D"]
[Black "Chatalbashev, Boris"]
[Result "0-1"]
[WhiteElo "2034"]
[BlackElo "2488"]
[PlyCount "62"]
[EventDate "2022.??.??"]

1. Nf3 Nf6 2. b3 d5 3. e3 Bf5 4. Bb2 e6 5. Be2 h6 6. O-O Nbd7 7. d4 Be7 8. c4
O-O 9. Nc3 c6 10. Bd3 Bxd3 11. Qxd3 Qa5 12. cxd5 exd5 13. a3 Qc7 14. Rac1 Rfe8
15. Rc2 a6 16. Rfc1 Bd6 17. h3 Qb6 18. b4 Ne4 19. Nd2 Ndf6 20. Ncxe4 Nxe4 21.
Nxe4 Rxe4 22. Bc3 Rae8 23. a4 h5 24. b5 axb5 25. axb5 cxb5 26. Rb1 Bb8 27. Bb4
h4 28. Bc5 Qc7 29. f4 Rxe3 30. Qf5 Qxf4 31. Qxf4 Bxf4 0-1

[Event "46th Guernsey Open"]
[Site "?"]
[Date "2022.10.18"]
[Round "3"]
[White "Hebden, Mark L"]
[Black "Kirby, Peter J"]
[Result "1-0"]
[WhiteElo "2434"]
[BlackElo "2011"]
[PlyCount "73"]
[EventDate "2022.??.??"]

1. d4 Nf6 2. c4 e6 3. Nc3 Bb4 4. Qc2 O-O 5. a3 Bxc3+ 6. Qxc3 Ne4 7. Qc2 d5 8.
Nf3 Nc6 9. e3 Bd7 10. Bd3 f5 11. b4 Be8 12. Bb2 Ne7 13. Ne5 Ng6 14. cxd5 exd5
15. O-O Rc8 16. f3 Nd6 17. a4 Qf6 18. b5 Ne7 19. f4 c6 20. Qb3 Ne4 21. Bxe4
fxe4 22. Ba3 Kh8 23. Qb4 c5 24. dxc5 Nf5 25. c6 Rg8 26. cxb7 Rb8 27. Qc5 Qb6
28. Qxb6 axb6 29. Kf2 Rxb7 30. g4 Nh6 31. Rfd1 Ra7 32. Bb2 Bf7 33. Bd4 Rga8 34.
g5 Nf5 35. Bxb6 Rb7 36. Nxf7+ Rxf7 37. Rxd5 1-0

[Event "46th Guernsey Open"]
[Site "?"]
[Date "2022.10.18"]
[Round "3"]
[White "Starley, Robert"]
[Black "Hunt, Harriet V"]
[Result "1/2-1/2"]
[WhiteElo "2020"]
[BlackElo "2395"]
[PlyCount "146"]
[EventDate "2022.??.??"]

1. e4 e5 2. Nf3 Nc6 3. Bb5 a6 4. Ba4 Nf6 5. O-O b5 6. Bb3 Bc5 7. c3 d6 8. d4
Bb6 9. dxe5 Nxe5 10. Nxe5 dxe5 11. Qxd8+ Kxd8 12. Bg5 Ke7 13. Nd2 h6 14. Bh4
Bg4 15. Nf3 g5 16. Bg3 Bxf3 17. gxf3 Nd7 18. Bd5 Rab8 19. a4 bxa4 20. Rxa4 a5
21. Rd1 f6 22. Raa1 Rhd8 23. h4 Nf8 24. hxg5 hxg5 25. Kf1 Ne6 26. Ke2 Rh8 27.
b3 Nc5 28. Rh1 Rbd8 29. Rab1 Ne6 30. Rbd1 Ng7 31. Bc6 Nh5 32. Bh2 Rd6 33. Bd5
c6 34. Bc4 Rxd1 35. Rxd1 Ng7 36. Bg3 Ne8 37. Ba6 Nd6 38. Bd3 Bc7 39. Rb1 Ke6
40. Kd2 Rh3 41. Bf1 Rh1 42. Bd3 Rh8 43. Ke2 Rb8 44. Kd2 c5 45. Kc2 Rh8 46. Ra1
Kd7 47. Ra4 Rh1 48. Bc4 Kc6 49. Bd5+ Kb5 50. Be6 Bd8 51. Bd7+ Kb6 52. Be6 Be7
53. Kd2 Bf8 54. Kc2 Bh6 55. Bg4 Nb5 56. Kd2 Bf8 57. Bd7 Nd6 58. Be6 g4 59. fxg4
Bh6+ 60. Kc2 Nb5 61. Kb2 Bc1+ 62. Kc2 Bg5 63. Kb2 Rd1 64. b4 Rd2+ 65. Ka1 axb4
66. cxb4 cxb4 67. Rxb4 Kc5 68. Rb2 Rd1+ 69. Rb1 Rxb1+ 70. Kxb1 Nc3+ 71. Kc2
Nxe4 72. Kd3 Nd6 73. f3 Nb5 1/2-1/2

[Event "46th Guernsey Open"]
[Site "?"]
[Date "2022.10.18"]
[Round "3"]
[White "Giulian, Philip M"]
[Black "Cordova Lopez, Diego Anton"]
[Result "1-0"]
[WhiteElo "2131"]
[BlackElo "2006"]
[PlyCount "95"]
[EventDate "2022.??.??"]

1. c4 e6 2. g3 d5 3. Bg2 Nf6 4. Nf3 Be7 5. O-O O-O 6. b3 c5 7. Bb2 Nc6 8. cxd5
Nxd5 9. d4 b6 10. Nc3 Nxc3 11. Bxc3 Bb7 12. dxc5 Bxc5 13. Qxd8 Raxd8 14. Rfd1
Nb4 15. Nd2 Bxg2 16. Kxg2 Rc8 17. Ne4 Nd5 18. Bb2 Be7 19. Rac1 Rfd8 20. Kf3 a5
21. Rxc8 Rxc8 22. Rc1 Rxc1 23. Bxc1 h6 24. a4 Bb4 25. Nd2 Nc3 26. Nc4 b5 27.
axb5 Nxb5 28. Be3 Nd6 29. Nxd6 Bxd6 30. Bd2 Bc7 31. Ke4 Kf8 32. Kd3 h5 33. Kc4
h4 34. gxh4 Bxh2 35. Bxa5 g5 36. hxg5 Bf4 37. Bd8 Ke8 38. Bf6 Kd7 39. b4 Bd2
40. Kc5 Be1 41. Bd4 Bd2 42. Be3 Bc3 43. b5 Kc7 44. b6+ Kd7 45. Kb5 Be5 46. b7
Kc7 47. Ka6 Kb8 48. Ba7+ 1-0

[Event "46th Guernsey Open"]
[Site "?"]
[Date "2022.10.18"]
[Round "3"]
[White "Rosen, Daniel B"]
[Black "Johnsen, Gunnar"]
[Result "1/2-1/2"]
[WhiteElo "1976"]
[BlackElo "2121"]
[PlyCount "32"]
[EventDate "2022.??.??"]

1. e4 e6 2. d4 d5 3. Nc3 Bb4 4. Nge2 Nc6 5. Be3 dxe4 6. a3 Bxc3+ 7. Nxc3 Nf6 8.
Bb5 Bd7 9. Qd2 a6 10. Bxc6 Bxc6 11. O-O-O h6 12. Qe2 Qe7 13. Bf4 Nd5 14. Nxd5
exd5 15. h4 Qd7 16. Rh3 O-O-O 1/2-1/2

[Event "46th Guernsey Open"]
[Site "?"]
[Date "2022.10.18"]
[Round "3"]
[White "Onslow, Alfie"]
[Black "Hamperl, Fred A"]
[Result "1/2-1/2"]
[WhiteElo "2115"]
[BlackElo "1983"]
[PlyCount "91"]
[EventDate "2022.??.??"]

1. e4 c5 2. Nf3 Nc6 3. d4 cxd4 4. Nxd4 e5 5. Nb5 d6 6. c4 Be6 7. N5c3 Nf6 8.
Bd3 g6 9. Nd5 Bg7 10. Nbc3 Bxd5 11. cxd5 Nd4 12. Ne2 Nxe2 13. Qxe2 O-O 14. h4
Rc8 15. Be3 a6 16. g4 h5 17. f3 Qd7 18. Rg1 Kh7 19. Qg2 Rg8 20. Bg5 Qa4 21. Kf1
Qd4 22. Qe2 b5 23. Rg3 Rc7 24. Kg2 Rgc8 25. Kh3 a5 26. Rag1 Rh8 27. Be3 Qa4 28.
b3 Qb4 29. Bd2 Qa3 30. Bg5 a4 31. Rb1 Rhc8 32. Bxf6 Bxf6 33. gxh5 Rc1 34. hxg6+
fxg6 35. Qg2 Rxb1 36. Bxb1 Rg8 37. bxa4 bxa4 38. h5 g5 39. Qc2 Rg7 40. f4 Qb4
41. fxg5 Bxg5 42. Qd1 Kh6 43. Bd3 Qd2 44. Qg1 Qf4 45. Rg4 Qf3+ 46. Qg3 1/2-1/2

[Event "46th Guernsey Open"]
[Site "?"]
[Date "2022.10.18"]
[Round "3"]
[White "Smith, Andrew Philip"]
[Black "Liu, Jack"]
[Result "1/2-1/2"]
[WhiteElo "2087"]
[BlackElo "1780"]
[PlyCount "51"]
[EventDate "2022.??.??"]

1. d4 Nf6 2. c4 g6 3. Nc3 d5 4. cxd5 Nxd5 5. e4 Nxc3 6. bxc3 Bg7 7. Qa4+ Nd7 8.
Nf3 O-O 9. Rb1 c5 10. Be3 Nf6 11. Bd3 b6 12. O-O Bb7 13. d5 Qc7 14. c4 Ng4 15.
Bd2 e6 16. Qc2 exd5 17. exd5 Ne5 18. Nxe5 Bxe5 19. h3 Rfe8 20. a4 Rab8 21. a5
Bc8 22. axb6 axb6 23. Rfe1 Bd7 24. Bc3 Bxc3 25. Qxc3 Qd6 26. Rxe8+ 1/2-1/2

[Event "46th Guernsey Open"]
[Site "?"]
[Date "2022.10.18"]
[Round "3"]
[White "Moyroud, Pierre"]
[Black "Villiers, Thomas"]
[Result "0-1"]
[WhiteElo "1705"]
[BlackElo "2141"]
[PlyCount "70"]
[EventDate "2022.??.??"]

1. d4 Nf6 2. c4 g6 3. Nc3 Bg7 4. e4 d6 5. Be2 O-O 6. Nf3 Nc6 7. O-O e5 8. d5
Ne7 9. b4 a5 10. bxa5 Rxa5 11. Bd2 Nd7 12. Ne1 f5 13. f3 f4 14. Nd3 g5 15. Na4
Ra8 16. c5 Nf6 17. Qb3 g4 18. cxd6 cxd6 19. Nb6 gxf3 20. Bxf3 Ra6 21. Nxc8 Qxc8
22. Rac1 Qa8 23. Rc7 Rxa2 24. Bxf4 Ra3 25. Qb1 Qd8 26. Qxb7 Rf7 27. Nxe5 dxe5
28. Bxe5 Nfxd5 29. exd5 Bxe5 30. Rd7 Qa5 31. d6 Ra1 32. g3 Bd4+ 33. Kg2 Qd2+
34. Kh3 Qh6+ 35. Kg2 Ra2+ 0-1

[Event "46th Guernsey Open"]
[Site "?"]
[Date "2022.10.18"]
[Round "3"]
[White "Zeidler, Sven P"]
[Black "Robinson, John K"]
[Result "1-0"]
[WhiteElo "2148"]
[BlackElo "1967"]
[PlyCount "59"]
[EventDate "2022.??.??"]

1. e4 Nf6 2. Nc3 d6 3. d4 g6 4. Bc4 Bg7 5. Qe2 e5 6. dxe5 dxe5 7. Bg5 c6 8. Nf3
Nbd7 9. O-O-O Qc7 10. h3 O-O 11. Nh2 b5 12. Bb3 Nc5 13. Ng4 Nxb3+ 14. cxb3 Nxg4
15. hxg4 f6 16. Be3 Be6 17. Rh4 g5 18. Rhh1 Rf7 19. f3 Bf8 20. Qc2 Rc8 21. Kb1
Rd8 22. Ne2 Rxd1+ 23. Rxd1 Rd7 24. Rc1 c5 25. Bxc5 Bxc5 26. Qxc5 Qa5 27. Qc8+
Kg7 28. Qe8 Qb6 29. Ng3 Rf7 30. Nh5+ 1-0

[Event "46th Guernsey Open"]
[Site "?"]
[Date "2022.10.18"]
[Round "3"]
[White "Nordby, Bernt"]
[Black "Jackson, Oliver A"]
[Result "0-1"]
[WhiteElo "2012"]
[BlackElo "2095"]
[PlyCount "28"]
[EventDate "2022.??.??"]

1. d4 Nf6 2. c4 g6 3. Nc3 Bg7 4. e4 d6 5. Be2 O-O 6. Nf3 Nbd7 7. O-O e5 8. Qc2
Re8 9. Rd1 exd4 10. Nxd4 Nc5 11. f3 Nh5 12. Kh1 Qh4 13. f4 Bxd4 14. Rxd4 Qe1+
0-1

[Event "46th Guernsey Open"]
[Site "?"]
[Date "2022.10.18"]
[Round "3"]
[White "Collier, David O"]
[Black "Mason, Donald J"]
[Result "1/2-1/2"]
[WhiteElo "2004"]
[BlackElo "2081"]
[PlyCount "126"]
[EventDate "2022.??.??"]

1. d4 Nf6 2. Bg5 d5 3. Nf3 c5 4. e3 Ne4 5. Bf4 Qb6 6. Qc1 Nc6 7. c3 Bf5 8. Be2
Rc8 9. O-O h6 10. Rd1 g5 11. Bg3 Bg7 12. dxc5 Qxc5 13. Nbd2 Nxg3 14. hxg3 e6
15. Nb3 Qe7 16. Qd2 O-O 17. Nfd4 Bg6 18. Bd3 Ne5 19. Bxg6 fxg6 20. Qe2 g4 21.
e4 h5 22. Rf1 h4 23. Nd2 Rf7 24. Rac1 Rcf8 25. exd5 exd5 26. Rce1 hxg3 27. fxg3
Rxf1+ 28. Rxf1 Rxf1+ 29. Qxf1 Bh6 30. Qe2 Bxd2 31. Qxd2 Nc4 32. Qf2 Qe3 33. b3
Qxf2+ 34. Kxf2 Nd2 35. Ke3 Ne4 36. c4 Nc3 37. cxd5 Nxd5+ 38. Ke4 Nc3+ 39. Kf4
Nxa2 40. Kxg4 Nc3 41. Kf4 Kf7 42. Ke5 Ke7 43. g4 a5 44. g5 a4 45. bxa4 Nxa4 46.
Nb5 Nb2 47. Nd6 Nd3+ 48. Kd5 Nb4+ 49. Ke5 Nc6+ 50. Kd5 Nd8 51. Nc4 Nf7 52. g4
b5 53. Nd2 Nxg5 54. Kc5 Ke6 55. Kxb5 Ke5 56. Kc4 Kf4 57. Kd3 Nf3 58. Nf1 Ne5+
59. Ke2 Nxg4 60. Nd2 Kg3 61. Nf3 Kh3 62. Ng5+ Kg2 63. Ne6 Kg3 1/2-1/2

[Event "46th Guernsey Open"]
[Site "?"]
[Date "2022.10.18"]
[Round "3"]
[White "Jackson, Sheila"]
[Black "Van Dijk, Bram"]
[Result "1/2-1/2"]
[WhiteElo "2077"]
[BlackElo "1950"]
[PlyCount "34"]
[EventDate "2022.??.??"]

1. e4 g6 2. d4 Bg7 3. Nc3 d6 4. Nf3 a6 5. a4 Bg4 6. Bc4 e6 7. Be3 Nc6 8. Be2
Nge7 9. h3 Bxf3 10. Bxf3 O-O 11. O-O Qd7 12. Qd2 f5 13. exf5 Nxf5 14. d5 exd5
15. Bxd5+ Kh8 16. Nd1 Rab8 17. c3 Nce7 1/2-1/2